=LDR 00000nam 2200000 4500 =001 INLIS000000000015082 =005 20130612110350 =008 ***********************************Ind** =035 ##$$0010-061300000015082 =041 ##$$a Ind =082 ##$$a 649.1 =090 ##$$a 649.1, LIN-a =100 ##$$a Lein Laura =245 ##$$a Anak, Bagaimana Mengasuh Anak dan Pengaruh Anak Bagi Kehidupan Orang tuanya, Lauran Lein, Lydia O Pom e u =260 ##$$a 1989 $b Yogyakarta =300 ##$$a 212 hlm, 21 cm =650 ##$$a Anak-Mengasuh =700 ##$$a O'Donnell, Lidia =850 ##$$a NBPNMAT